Uravnenija matematičeskoj fiziki

Guardado en:
Detalles Bibliográficos
Autores principales: Tichonov, A.N (Autor), Samarskij, A.A (Autor)
Formato: Libro
Lenguaje:ruso
Publicado: Moskva : Gosudarstvennoje izd. techniko - teoret. lit., 1951
Materias:
Etiquetas: Agregar Etiqueta
Sin Etiquetas, Sea el primero en etiquetar este registro!

MARC

LEADER 00000nam a22000003a 4500
001 stu87671
005 20150617225627.0
008 040610s1951----xxr-----------------rus-d
040 |a STU  |b slo 
041 0 |a rus 
044 |a xxr 
080 |a 517.9  |7 A000003291 
080 |a 53.001.2 
100 1 |a Tichonov, A.N  |4 aut 
245 1 |a Uravnenija matematičeskoj fiziki 
260 |a Moskva :  |b Gosudarstvennoje izd. techniko - teoret. lit.,  |c 1951 
300 |a 659 s 
650 7 |a matematická fyzika  |2 stusub 
700 1 |a Samarskij, A.A  |4 aut 
996 |b 284J021671  |c J*27063  |l JJK16  |s P  |a 0  |w stu87671_0001